Sports Quiz

Random Sports or Soccer Quiz

Top 100 best soccer players of 2013 Quiz Stats

Quiz not verified by Sporcle

Challenge
Share
Tweet
Embed
Score 0/100 Timer 20:00
0 Plays Today
Club Player % Correct
Real MadridCristiano Ronaldo
98.9%
FC BarcelonaLionel Messi
98%
Bayern MunichFranck Ribery
96.9%
LiverpoolLuis Suarez
96.9%
Bayern MunichArjen Robben
95.8%
Manchester CitySergio Aguero
92.2%
Borussia DortmundRobert Lewandowski
91.8%
PSGZlatan Ibrahimovic
91.7%
PSGThiago Silva
91.2%
Bayern MunichPhilipp Lahm
90.6%
ArsenalMesut Ozil
89.8%
Real MadridGareth Bale
88.3%
Bayern MunichThomas Muller
88.2%
Bayern MunichManuel Neuer
87.1%
JuventusArturo Vidal
86.8%
FC BarcelonaAndres Iniesta
86.5%
FC BarcelonaXavi
86%
Manchester UnitedWayne Rooney
85.7%
Bayern MunichBastian Schweinsteiger
85.5%
JuventusAndrea Pirlo
84.3%
FC BarcelonaNeymar
83.8%
Borussia DortmundMarco Reus
82.8%
Bayern MunichMario Gotze
82%
PSGEdinson Cavani
81.4%
Atletico MadridDiego Costa
81.2%
AS MonacoRadamel Falcao
79.5%
Manchester UnitedRobin van Persie
79.4%
Bayern MunichToni Kroos
76.5%
ChelseaEden Hazard
75.1%
Manchester CityYaya Toure
74.8%
Bayern MunichDavid Alaba
74.6%
Real MadridSergio Ramos
72.9%
FC BarcelonaSergio Busquets
71.7%
ArsenalAaron Ramsey
70.6%
Club Player % Correct
Bayern MunichDante
70.6%
Bayern MunichMario Mandzukic
69.1%
Manchester CityVincent Kompany
68%
Borussia DortmundMats Hummels
67.5%
Bayern MunichJavi Martinez
67.2%
AS RomaDaniele de Rossi
66.8%
ChelseaOscar
66.6%
Real MadridAngel di Maria
66.5%
FC PortoJackson Martinez
66.3%
JuventusPaul Pogba
66%
Real SociedadCarlos Martinez
65.5%
FC BarcelonaCesc Fabregas
65.1%
Atletico Madrid (on loan)Thibaut Courtois
63.7%
AS RomaFrancesco Totti
62.5%
NapoliMarek Hamsik
62.5%
Everton (on loan)Romelu Lukaku
61.8%
ArsenalPer Mertesacker
60.5%
AS MonacoJames Rodriguez
60.2%
AC MilanMario Balotelli
57.8%
ChelseaJuan Mata
56.8%
ArsenalJack Wilshere
55.7%
FC BarcelonaVictor Valdes
55.4%
Atletico MadridArda Turan
53.7%
ArsenalLaurent Koscielny
53.2%
Atletico MadridKoke
52.6%
LiverpoolDaniel Sturridge
51.8%
Manchester CityJesus Navas
51.5%
ArsenalTheo Walcott
49.8%
Atletico MadridDiego Godin
49.8%
EvertonLeighton Baines
48.8%
Manchester CityPablo Zabaleta
48.8%
Manchester CityFernandinho
47.7%
Manchester CityAlvaro Negredo
47.2%
Real MadridIsco
47.2%
Club Player % Correct
SevillaIvan Rakitic
45.8%
Borussia DortmundIllkay Gundogan
45.5%
Tottenham HotspurJan Vertonghen
45.4%
Atletico MadridFilipe Luis
44.8%
Manchester UnitedMichael Carrick
43.8%
AS MonacoJoao Moutinho
43.7%
ZenitAxel Witsel
43.4%
PSGBlaise Matuidi
41.5%
InternazionaleSamir Handanovic
38.8%
Atletico MineiroRonaldinho
38.6%
Borussia DortmundHenrikh Mkhitaryan
38.3%
Real SociedadAntoine Griezmann
38.2%
FC BaselMohamed Salah
37.5%
JuventusAndrea Barzagli
37.2%
Atletico MadridMiranda
36.9%
Real SociedadCarlos Vela
36.3%
AS RomaMehdi Benatia
35.8%
BenficaNemanja Matic
34.8%
Real MadridDiego Lopez
34.6%
FiorentinaJuan Cuadrado
32.5%
Bayer LeverkusenLars Bender
30.5%
Borussia DortmundJakub Blaszczykowski
29.8%
PSGMarquinhos
28.3%
Borussia MonchengladbachMarc-Andre ter Stegen
26.6%
BenficaEzequiel Garay
22.9%
Real MadridDani Carvajal
22.5%
FiorentinaBorja Valero
22.3%
TorinoAlessio Cerci
20.5%
GalatasaraySelcuk Inan
12.3%
Guangzhou EvergrandeDario Conca
9.4%
InternazionaleHugo Campagnaro
8.8%
CruzeiroEverton Ribeiro
4.3%

You're not logged in!

Compare scores with friends on all Sporcle quizzes.
Join for Free
OR
Log In

You Might Also Like...

Show Comments

Extras

Top Quizzes Today


Score Distribution

Your Account Isn't Verified!

In order to create a playlist on Sporcle, you need to verify the email address you used during registration. Go to your Sporcle Settings to finish the process.

Report this User

Report this user for behavior that violates our Community Guidelines.

Details: